000 00306nam a22001337a 4500
008 170609b xxu||||| |||| 00| 0 eng d
020 _a9780393935493
041 _aeng
080 _68TH
_a32
100 _a19
101 _aSHP
245 _aCONSTITUTIONAL LAW AND POLITICS
_cOBRIEN, D.M
942 _2udc
_cBK
999 _c16746
_d16746